Southville International School and Colleges
Your cart is empty.
  • Cart
  • Lists
    Public lists Eva Luna New books Lux_list list_1
    Your lists Log in to create your own lists
  • Log in to your account
  • Your cookies
  • Search history
Southville International School and Colleges
  • Advanced search
  • Recent comments
  • Most popular
  • Libraries

Log in to your account

Log in with GOOGLE


If you do not have an external account, but do have a local account, you can still log in:

  1. Home
  2. MARC view: The enduring evolution:
Normal view MARC view ISBD view

The enduring evolution: (Record no. 288121)

[ view plain ]
MARC details
000 -LEADER
fixed length control field 00580nam a2200169Ia 4500
008 - FIXED-LENGTH DATA ELEMENTS--GENERAL INFORMATION
fixed length control field 150610s9999 xx 000 0 und d
020 ## - INTERNATIONAL STANDARD BOOK NUMBER
International Standard Book Number 1400054664
050 ## - LIBRARY OF CONGRESS CALL NUMBER
Classification number JK271
Item number .G34 2005
100 ## - MAIN ENTRY--PERSONAL NAME
Personal name Garrett, Major
245 #4 - TITLE STATEMENT
Title The enduring evolution:
Remainder of title how the contract with America continues to shape the nation /
Statement of responsibility, etc Major Garrett.
250 ## - EDITION STATEMENT
Edition statement 1st ed.
260 ## - PUBLICATION, DISTRIBUTION, ETC. (IMPRINT)
Place of publication, distribution, etc New York :
Name of publisher, distributor, etc Crown Pub. Group,
Date of publication, distribution, etc 2005.
300 ## - PHYSICAL DESCRIPTION
Extent 325pages ;
Dimensions 24 cm.
520 ## - SUMMARY, ETC.
Summary, etc United States.
650 ## - SUBJECT ADDED ENTRY--TOPICAL TERM
Topical term or geographic name as entry element Economic policy-1993-2001
General subdivision United States.
650 ## - SUBJECT ADDED ENTRY--TOPICAL TERM
Topical term or geographic name as entry element Economic policy-1993-2001
General subdivision United States.
Holdings
Withdrawn status Lost status Damaged status Home library Current library Shelving location Date acquired Total Checkouts Full call number Barcode Date last seen Price effective from Koha item type
      Stonyhurst Southville International School (Batangas) Stonyhurst Southville International School (Batangas) High School Section 06/10/2015   JK271 .G34 2005 US-2120 06/10/2015 06/10/2015 Books

The enduring evolution:

APA

Garrett M., . (2005). The enduring evolution. New York: Crown Pub. Group.

Chicago

Garrett Major, . 2005. The enduring evolution. New York: Crown Pub. Group.

Harvard

Garrett M., . (2005). The enduring evolution. New York: Crown Pub. Group.

MLA

Garrett Major, . The enduring evolution. New York: Crown Pub. Group. 2005.

  • Place hold
  • Print
  • Cite
  • Add to your cart (remove)
  • Save record
    BIBTEX Dublin Core MARCXML MARC (non-Unicode/MARC-8) MARC (Unicode/UTF-8) MARC (Unicode/UTF-8, Standard) MODS (XML) RIS
  • More searches
    Search for this title in:
    Other Libraries (WorldCat) Other Databases (Google Scholar) Online Stores (Bookfinder.com) Open Library (openlibrary.org)

Exporting to Dublin Core...

SOUTHVILLE LIBRARY

Southville International School and Colleges Library

1281 Tropical Ave. Cor. Luxembourg St., BF Homes International, Las Pinas City

Tel. No. 8256374 / 252358 Loc. 117/146

Powered by Koha